[Event "Sao Paulo Hebraica op 25th"]
[Site "Sao Paulo"]
[Date "2018.01.12"]
[Round "2"]
[White "Da Silva, Angelo Luiz"]
[Black "Riboldi, Mario Garcia"]
[Result "0-1"]
[WhiteElo "1931"]
[BlackElo "1613"]
[PlyCount "80"]
[EventDate "2018.01.12"]
[EventType "swiss"]
[EventRounds "6"]
[EventCountry "BRA"]
[SourceTitle "CBM 182 Extra"]
[Source "ChessBase"]
[SourceDate "2018.02.23"]
[SourceVersion "1"]
[SourceVersionDate "2018.02.23"]
[SourceQuality "1"]

1. e4 c5 2. Ne2 Nc6 3. d4 cxd4 4. Nxd4 g6 5. c4 Nf6 6. Nc3 d6 7. Be2 Nxd4 8. Qxd4 Bg7 9. Be3 0-0 10. Qd2 Ng4 11. Bxg4 Bxg4 12. Rc1 Be6 13. b3 Qa5 14. Nd5 Qxd2+ 15. Bxd2 Bxd5 16. exd5 a6 17. 0-0 b5 18. c5 dxc5 19. Rxc5 Rfc8 20. Rfc1 Rxc5 21. Rxc5 Rd8 22. Ba5 Rd7 23. Rc8+ Bf8 24. Rd8 Rxd8 25. Bxd8 f5 26. Kf1 Kf7 27. Ke2 e6 28. dxe6+ Kxe6 29. Bb6 Kd5 30. Kd3 Bc5 31. Bxc5 Kxc5 32. a3 a5 33. h4 b4 34. a4 h6 35. g4 fxg4 36. Ke4 Kd6 37. Kd4 h5 38. Kc4 g5 39. hxg5 h4 40. g6 Ke6 0-1

[Event "Sao Paulo Camara Memorial 1st"]
[Site "Sao Paulo"]
[Date "2016.03.13"]
[Round "5"]
[White "Silva, Cicero Tavares"]
[Black "Riboldi, Mario Garcia"]
[Result "1/2-1/2"]
[WhiteElo "1601"]
[BlackElo "1651"]
[PlyCount "98"]
[EventDate "2016.03.11"]
[EventType "swiss"]
[EventRounds "6"]
[EventCountry "BRA"]
[SourceTitle "CBM 171 Extra"]
[Source "ChessBase"]
[SourceDate "2016.04.26"]
[SourceVersion "1"]
[SourceVersionDate "2016.04.26"]
[SourceQuality "1"]

1. d4 Nf6 2. Nc3 d5 3. Bg5 Nbd7 4. Nf3 g6 5. Qd2 Bg7 6. Qd3 0-0 7. 0-0-0 Nb6 8. Nd2 Bf5 9. e4 dxe4 10. Ncxe4 Nxe4 11. Nxe4 Re8 12. Qe3 Nd5 13. Qe1 c6 14. f3 b5 15. g4 Bxe4 16. fxe4 Nf6 17. Bxf6 Bxf6 18. e5 Bg7 19. Bg2 Rc8 20. Qf2 Qa5 21. Kb1 e6 22. h4 h6 23. Rhf1 Rf8 24. g5 h5 25. Be4 Qc7 26. Rd3 c5 27. c3 cxd4 28. cxd4 Qe7 29. Qd2 b4 30. Rc1 a5 31. Rb3 Qd7 32. Rxc8 Rxc8 33. Rd3 Qa7 34. Bf3 Qc7 35. Bd1 Qc6 36. Qc2 Qxc2+ 37. Bxc2 Rd8 38. Kc1 Kf8 39. Kd2 Ke7 40. Ke3 Kd7 41. Ke4 Ke8 42. d5 Rxd5 43. Rxd5 exd5+ 44. Kxd5 Ke7 45. Ba4 Bh8 46. Bc6 Bg7 47. b3 Bh8 48. Bb7 Bg7 49. Bc8 Bh8 1/2-1/2

[Event "Sao Paulo Camara Memorial 1st"]
[Site "Sao Paulo"]
[Date "2016.03.12"]
[Round "3"]
[White "Kikuchi Cadilhac, Mariana Sawae"]
[Black "Riboldi, Mario Garcia"]
[Result "0-1"]
[WhiteElo "1509"]
[BlackElo "1651"]
[PlyCount "94"]
[EventDate "2016.03.11"]
[EventType "swiss"]
[EventRounds "6"]
[EventCountry "BRA"]
[SourceTitle "CBM 171 Extra"]
[Source "ChessBase"]
[SourceDate "2016.04.26"]
[SourceVersion "1"]
[SourceVersionDate "2016.04.26"]
[SourceQuality "1"]

1. e4 c5 2. Nc3 Nc6 3. g3 g6 4. Bg2 Bg7 5. d3 d6 6. f4 e6 7. Nf3 Nge7 8. 0-0 0-0 9. h3 Rb8 10. a3 b5 11. g4 f5 12. Qe1 Nd4 13. Nxd4 Bxd4+ 14. Kh2 Qc7 15. Qg3 b4 16. axb4 cxb4 17. Ne2 Bg7 18. Ng1 b3 19. c3 Bd7 20. Be3 a5 21. d4 Bc6 22. exf5 exf5 23. Bxc6 Nxc6 24. Nf3 Rbe8 25. Nd2 Rb8 26. Qf3 Ne7 27. Ra3 Rb7 28. Rfa1 Ra8 29. Rxb3 Rba7 30. Rba3 a4 31. Qf1 Qc6 32. Qc4+ d5 33. Qxc6 Nxc6 34. Nf3 fxg4 35. hxg4 Bf8 36. R3a2 a3 37. b4 Bxb4 38. cxb4 Nxb4 39. Rg2 a2 40. Rb2 Ra4 41. Bd2 Nd3 42. Rb3 Nf2 43. g5 Ne4 44. Rd3 Rb8 45. Ne1 Rb1 46. Nc2 Rb2 47. Nb4 Nxd2 0-1

[Event "Sao Paulo Camara Memorial 1st"]
[Site "Sao Paulo"]
[Date "2016.03.11"]
[Round "1"]
[White "Riboldi, Mario Garcia"]
[Black "Tsuboi, Edson Kenji"]
[Result "0-1"]
[WhiteElo "1651"]
[BlackElo "2279"]
[PlyCount "46"]
[EventDate "2016.03.11"]
[EventType "swiss"]
[EventRounds "6"]
[EventCountry "BRA"]
[SourceTitle "CBM 171 Extra"]
[Source "ChessBase"]
[SourceDate "2016.04.26"]
[SourceVersion "1"]
[SourceVersionDate "2016.04.26"]
[SourceQuality "1"]

1. d4 Nf6 2. c4 e6 3. Nc3 Bb4 4. e3 0-0 5. Bd3 d5 6. Nge2 c5 7. 0-0 cxd4 8. exd4 dxc4 9. Bxc4 Nc6 10. d5 Na5 11. b3 exd5 12. Bxd5 Bg4 13. f3 Rc8 14. Bb2 Bf5 15. Be4 Qxd1 16. Rfxd1 Nxe4 17. fxe4 Bg4 18. Rac1 Bxc3 19. Bxc3 Bxe2 20. Re1 Rxc3 21. Rxc3 Bg4 22. Rec1 Nc6 23. a3 Nd4 0-1

[Event "Sao Paulo Hebraica op 23rd"]
[Site "Sao Paulo"]
[Date "2016.01.09"]
[Round "2"]
[White "Riboldi, Mario Garcia"]
[Black "Sato, Luiz Henrique Yuzo"]
[Result "1-0"]
[WhiteElo "1652"]
[BlackElo "1363"]
[PlyCount "97"]
[EventDate "2016.01.08"]
[EventType "swiss"]
[EventRounds "6"]
[EventCountry "BRA"]
[SourceTitle "CBM 170 Extra"]
[Source "ChessBase"]
[SourceDate "2016.02.25"]
[SourceVersion "1"]
[SourceVersionDate "2016.02.25"]
[SourceQuality "1"]

1. d4 Nf6 2. c4 e6 3. Nc3 Bb4 4. e3 b6 5. Nf3 Bb7 6. Bd3 0-0 7. 0-0 d6 8. a3 Bxc3 9. bxc3 Nbd7 10. Re1 c5 11. e4 Rc8 12. Bf4 Qc7 13. e5 dxe5 14. Nxe5 Nxe5 15. Bxe5 Qc6 16. f3 Nd7 17. Be4 Nxe5 18. Bxc6 Nxc6 19. dxc5 Rfd8 20. Qe2 bxc5 21. Rad1 Kf8 22. Rxd8+ Rxd8 23. Rd1 Rxd1+ 24. Qxd1 Ke7 25. Qd3 g6 26. Qe3 Kd6 27. Qd3+ Ke7 28. f4 f5 29. h3 a5 30. g4 Ba6 31. gxf5 exf5 32. h4 h6 33. h5 gxh5 34. Qxf5 Kd6 35. Qxh5 Bxc4 36. Qg6+ Kd5 37. Qf7+ Kd6 38. Qxc4 h5 39. f5 Ne5 40. Qe6+ Kc7 41. Qxe5+ Kb6 42. a4 h4 43. f6 c4 44. f7 h3 45. f8R h2+ 46. Kxh2 Kb7 47. Rf6 Kc8 48. Qe7 Kb8 49. Rf8# 1-0

[Event "Sao Paulo op-B 3rd"]
[Site "Sao Paulo"]
[Date "2015.09.20"]
[Round "5"]
[White "Riboldi, Mario Garcia"]
[Black "Gonsalez, Yuri dos Santos Car"]
[Result "1-0"]
[WhiteElo "1654"]
[BlackElo "1800"]
[PlyCount "45"]
[EventDate "2015.09.17"]
[EventType "swiss"]
[EventRounds "6"]
[EventCountry "BRA"]
[SourceTitle "EXT 2016"]
[Source "ChessBase"]
[SourceDate "2015.10.08"]
[SourceVersion "1"]
[SourceVersionDate "2015.10.08"]
[SourceQuality "1"]

1. d4 d5 2. c4 e6 3. Nc3 b6 4. Bf4 a6 5. e3 Bb7 6. cxd5 Bxd5 7. Nxd5 Qxd5 8. Ne2 Bb4+ 9. Nc3 c6 10. a3 Bxc3+ 11. bxc3 Nd7 12. c4 Qa5+ 13. Qd2 Qxd2+ 14. Kxd2 h6 15. Be2 Ngf6 16. Kd3 0-0 17. Bf3 c5 18. Bxa8 Rxa8 19. Rab1 Ng4 20. Ke2 cxd4 21. exd4 e5 22. dxe5 Ngxe5 23. h3 1-0

[Event "Sao Paulo op-B 3rd"]
[Site "Sao Paulo"]
[Date "2015.09.19"]
[Round "4"]
[White "Chi, Haur Wu"]
[Black "Riboldi, Mario Garcia"]
[Result "1-0"]
[WhiteElo "1774"]
[BlackElo "1654"]
[PlyCount "79"]
[EventDate "2015.09.17"]
[EventType "swiss"]
[EventRounds "6"]
[EventCountry "BRA"]
[SourceTitle "EXT 2016"]
[Source "ChessBase"]
[SourceDate "2015.10.08"]
[SourceVersion "1"]
[SourceVersionDate "2015.10.08"]
[SourceQuality "1"]

1. d4 Nf6 2. c4 e6 3. Nf3 b6 4. g3 Ba6 5. b3 Bb4+ 6. Bd2 Qe7 7. a3 Bxd2+ 8. Nbxd2 Bb7 9. Qc2 0-0 10. Bg2 c5 11. e3 Nc6 12. 0-0 Rac8 13. Ne5 d6 14. Nxc6 Bxc6 15. Bxc6 Rxc6 16. dxc5 dxc5 17. e4 Rd8 18. e5 Ne8 19. Ne4 f5 20. Nc3 Rc7 21. Rad1 Rcd7 22. Rxd7 Rxd7 23. Rd1 Nc7 24. Qe2 Qd8 25. Rxd7 Qxd7 26. Qe3 Qd4 27. Qxd4 cxd4 28. Ne2 d3 29. Nc3 b5 30. Kf1 bxc4 31. bxc4 Na6 32. Ke1 Kf7 33. Na4 Ke7 34. Kd2 Kd7 35. Kxd3 Kc6 36. Kd4 g5 37. f3 h5 38. h4 gxh4 39. gxh4 Nb8 40. Nc5 1-0

[Event "Sao Paulo op-B 3rd"]
[Site "Sao Paulo"]
[Date "2015.09.17"]
[Round "1"]
[White "Da Silva Junior, Sediney Mari"]
[Black "Riboldi, Mario Garcia"]
[Result "1-0"]
[WhiteElo "2002"]
[BlackElo "1654"]
[PlyCount "81"]
[EventDate "2015.09.17"]
[EventType "swiss"]
[EventRounds "6"]
[EventCountry "BRA"]
[SourceTitle "EXT 2016"]
[Source "ChessBase"]
[SourceDate "2015.10.08"]
[SourceVersion "1"]
[SourceVersionDate "2015.10.08"]
[SourceQuality "1"]

1. e4 c5 2. c3 Nf6 3. e5 Nd5 4. d4 cxd4 5. Nf3 Nc6 6. cxd4 d6 7. Bc4 Nb6 8. Bb5 dxe5 9. Nxe5 Bd7 10. Nxd7 Qxd7 11. 0-0 e6 12. Nc3 Be7 13. Qg4 0-0 14. Rd1 Rfd8 15. Bh6 g6 16. h4 Nd5 17. Rac1 Bf8 18. Bg5 Be7 19. Nxd5 Bxg5 20. Qxg5 exd5 21. h5 Rac8 22. hxg6 fxg6 23. Re1 Re8 24. Ba4 Qf7 25. Bb3 Rxe1+ 26. Rxe1 Qf5 27. Bxd5+ Kg7 28. Qxf5 gxf5 29. Bxc6 Rxc6 30. Re7+ Kg6 31. Rxb7 Rc2 32. a3 Rd2 33. d5 Rxd5 34. g3 Rd2 35. b4 a5 36. bxa5 Rd3 37. a6 Rxa3 38. Ra7 h5 39. Ra8 Kg7 40. a7 Ra4 41. Kg2 1-0

[Event "BRA-ch Amateur"]
[Site "Sao Paulo"]
[Date "2015.04.30"]
[Round "1"]
[White "Lopes, Marcelo Ferreira"]
[Black "Riboldi, Mario Garcia"]
[Result "1-0"]
[WhiteElo "2004"]
[BlackElo "1656"]
[PlyCount "35"]
[EventDate "2015.04.30"]
[EventType "swiss"]
[EventRounds "7"]
[EventCountry "BRA"]
[SourceTitle "EXT 2022"]
[Source "ChessBase"]
[SourceDate "2021.10.06"]
[SourceVersion "1"]
[SourceVersionDate "2021.10.06"]
[SourceQuality "1"]

1. e4 c5 2. Nf3 Nc6 3. Bb5 g6 4. Bxc6 bxc6 5. d3 Bg7 6. 0-0 Nf6 7. Nc3 0-0 8. Be3 d6 9. h3 Qd7 10. Qd2 Rd8 11. Bh6 Bh8 12. Nh2 e5 13. Bg5 Re8 14. f4 Nh5 15. f5 d5 16. fxg6 hxg6 17. Ng4 Qb7 18. Nh6+ 1-0

[Event "Sao Paulo Big Fun op"]
[Site "Sao Paulo"]
[Date "2014.09.27"]
[Round "3"]
[White "Riboldi, Mario Garcia"]
[Black "Sangiovanni, Marcello Gouveia"]
[Result "1/2-1/2"]
[WhiteElo "1659"]
[BlackElo "1494"]
[PlyCount "76"]
[EventDate "2014.09.25"]
[EventType "swiss"]
[EventRounds "6"]
[EventCountry "BRA"]
[SourceTitle "CBM 162 Extra"]
[Source "ChessBase"]
[SourceDate "2014.10.17"]
[SourceVersion "1"]
[SourceVersionDate "2014.10.17"]
[SourceQuality "1"]

1. d4 d5 2. c4 e6 3. Nc3 Nf6 4. cxd5 exd5 5. Bg5 Be7 6. e3 b6 7. Bd3 0-0 8. Qc2 h6 9. Bh4 Nbd7 10. Nf3 Bb7 11. 0-0 c5 12. b3 Re8 13. Rac1 Ne4 14. Bxe7 Qxe7 15. Nd2 Rac8 16. Ndxe4 dxe4 17. Bc4 a6 18. a4 Qg5 19. Qe2 cxd4 20. exd4 e3 21. f3 a5 22. Nd1 Ba6 23. Rc3 Bxc4 24. bxc4 Qf6 25. d5 Nc5 26. Kh1 Nxa4 27. Rxe3 Rxe3 28. Nxe3 Re8 29. Qd2 Nc5 30. Re1 Nb3 31. Ng4 Rxe1+ 32. Qxe1 Qd4 33. Ne5 Nd2 34. h3 Nxc4 35. Nxc4 Qxc4 36. d6 Qc8 37. Qe7 Qc1+ 38. Kh2 Qf4+ 1/2-1/2

[Event "Bairro op"]
[Site "Bairro Buritizal"]
[Date "2014.04.12"]
[Round "4"]
[White "Ribeiro, Marcos Willian de S"]
[Black "Riboldi, Mario Garcia"]
[Result "1-0"]
[WhiteElo "1947"]
[BlackElo "1669"]
[PlyCount "83"]
[EventDate "2014.04.11"]
[EventType "swiss"]
[EventRounds "6"]
[EventCountry "BRA"]
[SourceTitle "CBM 160 Extra"]
[Source "ChessBase"]
[SourceDate "2014.07.01"]
[SourceVersion "1"]
[SourceVersionDate "2014.07.01"]
[SourceQuality "1"]

1. e4 c5 2. Nc3 Nc6 3. f4 e6 4. Nf3 Nf6 5. Bb5 a6 6. Bxc6 bxc6 7. 0-0 Be7 8. d3 0-0 9. Ng5 Rb8 10. b3 a5 11. Qf3 h6 12. Nh3 Qb6 13. Na4 Qc7 14. c4 d5 15. Ba3 Nd7 16. Rae1 Re8 17. Nf2 Ba6 18. Ng4 f5 19. exf5 exf5 20. Ne5 Nxe5 21. Rxe5 Bf6 22. Rxe8+ Rxe8 23. Bxc5 Bd8 24. Bb6 Qe7 25. Bxd8 Qxd8 26. Qf2 Bc8 27. Re1 dxc4 28. Rxe8+ Qxe8 29. dxc4 Qe4 30. h3 Qe7 31. Nc5 Qd6 32. Qe3 Kf7 33. Nd3 Kf6 34. Qe5+ Qxe5 35. Nxe5 Bb7 36. Kf2 g5 37. g3 gxf4 38. gxf4 Ke6 39. Ke3 Kd6 40. Kd4 c5+ 41. Ke3 Be4 42. Nf7+ 1-0

[Event "Sao Paulo Hebraica op 17th"]
[Site "Sao Paulo"]
[Date "2014.01.11"]
[Round "4"]
[White "Riboldi, Mario Garcia"]
[Black "Yoshioka, Hugo"]
[Result "0-1"]
[WhiteElo "1682"]
[BlackElo "1482"]
[PlyCount "52"]
[EventDate "2014.01.09"]
[EventType "swiss"]
[EventRounds "6"]
[EventCountry "BRA"]
[SourceTitle "CBM 158 Extra"]
[Source "ChessBase"]
[SourceDate "2014.02.28"]
[SourceVersion "1"]
[SourceVersionDate "2014.02.28"]
[SourceQuality "1"]

1. d4 d5 2. c4 Bf5 3. e3 e6 4. Nc3 c6 5. Bd3 Bxd3 6. Qxd3 Nf6 7. Nf3 Be7 8. 0-0 0-0 9. e4 h6 10. Bf4 Nbd7 11. cxd5 exd5 12. exd5 cxd5 13. Qb5 Qb6 14. Qxb6 Nxb6 15. Rfe1 Rfe8 16. Nb5 Bb4 17. Rxe8+ Rxe8 18. a3 Bf8 19. Nxa7 Re2 20. b4 Ne4 21. Re1 Ra2 22. Nb5 Nc4 23. Ne5 Nxa3 24. Nxa3 Rxa3 25. Rb1 Nc3 26. Bc1 Nxb1 0-1

[Event "Sao Paulo Hebraica op 17th"]
[Site "Sao Paulo"]
[Date "2014.01.09"]
[Round "1"]
[White "Rodrigues, Leonardo De Miranda"]
[Black "Riboldi, Mario Garcia"]
[Result "1-0"]
[WhiteElo "2104"]
[BlackElo "1682"]
[PlyCount "59"]
[EventDate "2014.01.09"]
[EventType "swiss"]
[EventRounds "6"]
[EventCountry "BRA"]
[SourceTitle "CBM 158 Extra"]
[Source "ChessBase"]
[SourceDate "2014.02.28"]
[SourceVersion "1"]
[SourceVersionDate "2014.02.28"]
[SourceQuality "1"]

1. d4 Nf6 2. Nf3 e6 3. c4 b6 4. g3 Ba6 5. b3 Bb4+ 6. Bd2 Bxd2+ 7. Nbxd2 d5 8. Bg2 Nbd7 9. 0-0 Rc8 10. Re1 0-0 11. e4 dxe4 12. Nxe4 Nxe4 13. Rxe4 Nf6 14. Rh4 Bb7 15. Qd3 Bxf3 16. Qxf3 Qe7 17. Re1 Rfd8 18. Qe3 Rd6 19. b4 Rcd8 20. b5 c5 21. bxc6 Qc7 22. Qe5 Rxc6 23. Bxc6 Qxc6 24. Rc1 Qa4 25. Qe2 Qa3 26. Rd1 Qc3 27. Rf4 Ne8 28. d5 exd5 29. Qe7 Rc8 30. Qxf7+ 1-0

[Event "Sao Paulo Braga Memorial 2nd"]
[Site "Sao Paulo"]
[Date "2013.07.08"]
[Round "4"]
[White "Hoshino, Meilin"]
[Black "Riboldi, Mario Garcia"]
[Result "0-1"]
[WhiteElo "1501"]
[BlackElo "1690"]
[PlyCount "138"]
[EventDate "2013.07.05"]
[EventType "swiss"]
[EventRounds "9"]
[EventCountry "BRA"]
[SourceTitle "CBM 155 Extra"]
[Source "ChessBase"]
[SourceDate "2013.08.26"]
[SourceVersion "1"]
[SourceVersionDate "2013.08.26"]
[SourceQuality "1"]

1. d4 d5 2. c4 e6 3. cxd5 exd5 4. Nc3 c5 5. dxc5 d4 6. Ne4 Bf5 7. Ng3 Be6 8. e3 Bxc5 9. exd4 Qxd4 10. Qxd4 Bxd4 11. Nf3 Bb6 12. Be2 Nf6 13. 0-0 0-0 14. Bf4 Nc6 15. b3 Nd5 16. Bd2 Rfd8 17. Rfd1 Nf6 18. Rac1 Ng4 19. Be1 Rxd1 20. Rxd1 h6 21. h3 Nf6 22. Rc1 Rd8 23. Bb5 Nd4 24. Nxd4 Rxd4 25. Bc3 Rf4 26. Be1 a6 27. Bc4 Bxc4 28. bxc4 Bc5 29. Nf1 Ne4 30. Ne3 Nd6 31. Nd5 Rxc4 32. Rd1 Rc2 33. a4 Ne4 34. Ne3 Rb2 35. g3 Nxg3 36. fxg3 Bxe3+ 37. Kh1 Rc2 38. g4 Rc1 39. Rxc1 Bxc1 40. Kg2 b5 41. axb5 axb5 42. Kf2 Kf8 43. Bb4+ Ke8 44. Ke2 Kd7 45. Kd3 Kc6 46. Ke4 g6 47. Ke5 Bb2+ 48. Ke4 Bf6 49. Kd3 Kd5 50. Ke3 Kc4 51. Ba3 b4 52. Bxb4 Kxb4 53. Kf3 Kc3 54. Kg3 Kd4 55. h4 Ke3 56. Kh3 Be5 57. h5 f5 58. hxg6 f4 59. g7 Bxg7 60. g5 f3 61. Kg3 f2 62. gxh6 Bxh6 63. Kg4 f1Q 64. Kh5 Qg1 65. Kxh6 Kf3 66. Kh7 Kf4 67. Kh8 Kf5 68. Kh7 Kf6 69. Kh8 Qg7# 0-1

[Event "Campinas op 06"]
[Site "Campinas"]
[Date "2009.06.13"]
[Round "2"]
[White "Mazim, Matheus"]
[Black "Riboldi, Mario Garcia"]
[Result "1-0"]
[WhiteElo "1814"]
[BlackElo "1696"]
[PlyCount "53"]
[EventDate "2009.06.12"]
[EventType "swiss"]
[EventRounds "5"]
[EventCountry "BRA"]
[SourceTitle "EXT 2012"]
[Source "ChessBase"]
[SourceDate "2011.11.24"]
[SourceVersion "1"]
[SourceVersionDate "2011.11.24"]
[SourceQuality "1"]

1. d4 Nf6 2. Nf3 e6 3. b3 Bb4+ 4. c3 Ba5 5. Bb2 0-0 6. e3 a6 7. Be2 b5 8. b4 Bb6 9. Nbd2 Bb7 10. 0-0 d6 11. a4 c6 12. c4 bxc4 13. Nxc4 Bc7 14. Qc2 Nbd7 15. h3 Nb6 16. Rfc1 Rc8 17. Nxb6 Bxb6 18. Qb3 Ne4 19. Ba3 c5 20. bxc5 dxc5 21. dxc5 Nxc5 22. Bxc5 Bxc5 23. Qxb7 Qd6 24. Qxa6 Qe7 25. Qc4 g6 26. a5 Qa7 27. Qf4 1-0

[Event "Campinas op 06"]
[Site "Campinas"]
[Date "2009.06.12"]
[Round "1"]
[White "Riboldi, Mario Garcia"]
[Black "Tsuboi, Edson Kenji"]
[Result "0-1"]
[WhiteElo "1696"]
[BlackElo "2399"]
[PlyCount "36"]
[EventDate "2009.06.12"]
[EventType "swiss"]
[EventRounds "5"]
[EventCountry "BRA"]
[SourceTitle "EXT 2012"]
[Source "ChessBase"]
[SourceDate "2011.11.24"]
[SourceVersion "1"]
[SourceVersionDate "2011.11.24"]
[SourceQuality "1"]

1. d4 Nf6 2. c4 e6 3. Nc3 Bb4 4. g3 c5 5. Nf3 cxd4 6. Nxd4 0-0 7. Qb3 Bc5 8. e3 Nc6 9. Nxc6 dxc6 10. Bg2 e5 11. 0-0 Qe7 12. Rd1 Bg4 13. f3 Be6 14. Na4 b5 15. Nxc5 Qxc5 16. Qc2 Rfd8 17. Rxd8+ Rxd8 18. Qf2 Rd1+ 0-1

[Event "Campinas IRT LCX 10th"]
[Site "Campinas"]
[Date "2008.08.11"]
[Round "4"]
[White "Caricatto, Nadia Piccinin"]
[Black "Riboldi, Mario Garcia"]
[Result "0-1"]
[WhiteElo "1699"]
[BlackElo "1686"]
[PlyCount "50"]
[EventDate "2008.08.01"]
[EventType "tourn"]
[EventRounds "11"]
[EventCountry "BRA"]
[SourceTitle "EXT 2022"]
[Source "ChessBase"]
[SourceDate "2021.10.06"]
[SourceVersion "1"]
[SourceVersionDate "2021.10.06"]
[SourceQuality "1"]

1. d4 Nf6 2. Nf3 e6 3. g3 c5 4. Bg2 cxd4 5. Nxd4 d5 6. 0-0 e5 7. Nb3 Nc6 8. Be3 Be7 9. c3 0-0 10. h3 Bf5 11. N1d2 Re8 12. Kh2 Rc8 13. Rc1 Bg6 14. Bc5 Bxc5 15. Nxc5 b6 16. Nd3 Qe7 17. Nb3 Rcd8 18. a3 Qe6 19. Nb4 Nxb4 20. axb4 Be4 21. Bxe4 dxe4 22. Qc2 Qf5 23. e3 Rd3 24. Rcd1 Red8 25. Kg2 Qf3+ 0-1